000 00295nam a22001337a 4500
008 171016b xxu||||| |||| 00| 0 eng d
020 _a2900073375808
041 _aeng
080 _a33
100 _a52
101 _aEKO
245 _aESSENTIALS OF ECONOMICS
_cSCHILLER, B.R
942 _2udc
_cBK
999 _c34104
_d34104